<?xml version="1.0" encoding="UTF-8"?>
<record
    xmlns:xsi="http://www.w3.org/2001/XMLSchema-instance"
    xsi:schemaLocation="http://www.loc.gov/MARC21/slim http://www.loc.gov/standards/marcxml/schema/MARC21slim.xsd"
    xmlns="http://www.loc.gov/MARC21/slim">

  <leader>02144nam a2200349uu 4500</leader>
  <controlfield tag="001">1233300</controlfield>
  <controlfield tag="005">20260508070743.0</controlfield>
  <controlfield tag="007">co|||||||</controlfield>
  <controlfield tag="008">110225s2011                        spa  </controlfield>
  <datafield tag="035" ind1=" " ind2=" ">
    <subfield code="a">1233300</subfield>
  </datafield>
  <datafield tag="040" ind1=" " ind2=" ">
    <subfield code="c">comduadb</subfield>
  </datafield>
  <datafield tag="041" ind1=" " ind2=" ">
    <subfield code="a">spa</subfield>
  </datafield>
  <datafield tag="080" ind1=" " ind2=" ">
    <subfield code="a">JE</subfield>
  </datafield>
  <datafield tag="082" ind1=" " ind2="4">
    <subfield code="a">371</subfield>
  </datafield>
  <datafield tag="100" ind1="1" ind2="0">
    <subfield code="a">Guti&#xE9;rrez Guti&#xE9;rrez, Daniel</subfield>
    <subfield code="4">aut</subfield>
    <subfield code="e">aut</subfield>
    <subfield code="9">615705</subfield>
  </datafield>
  <datafield tag="245" ind1="1" ind2="3">
    <subfield code="a">La diversidad de los ecosistemas marinos, una explicaci&#xF3;n desde la perspectiva del cambio conceptual y la metacognici&#xF3;n : una valoraci&#xF3;n del diorama de peces de la sala de ciencias naturales del MUUA.</subfield>
  </datafield>
  <datafield tag="260" ind1=" " ind2=" ">
    <subfield code="a">Andes (Antioquia) :</subfield>
    <subfield code="b">[sin publicador],</subfield>
    <subfield code="c">2011.</subfield>
  </datafield>
  <datafield tag="300" ind1=" " ind2=" ">
    <subfield code="a">1 CD-ROM</subfield>
  </datafield>
  <datafield tag="520" ind1="3" ind2=" ">
    <subfield code="a">El prop&#xF3;sito es conocer qu&#xE9; posibilidades did&#xE1;cticas ofrece el MUUA y las situaciones que favorecen los aprendizajes de las ciencias, aportando nuevos aspectos te&#xF3;ricos y cr&#xED;ticos en la relaci&#xF3;n entre l&#xFA;dica y el conocimiento que se establece en el museo. El tipo de estudio es cualitativo dentro del enfoque exploratorio-descriptivo, ya que permiti&#xF3; hacer una observaci&#xF3;n en el MUUA y evidenciar c&#xF3;mo es el nivel did&#xE1;ctico que presenta el Diorama de Peces, hacer una descripci&#xF3;n, el respectivo diagnostico y elaborar una gu&#xED;a muse&#xED;stica que permita mejorar la funci&#xF3;n did&#xE1;ctica del modulo para que tanto estudiantes, gu&#xED;as y maestros puedan hacer uso efectivo del mismo.</subfield>
  </datafield>
  <datafield tag="650" ind1=" " ind2=" ">
    <subfield code="a">Medios did&#xE1;cticos</subfield>
    <subfield code="9">23891</subfield>
  </datafield>
  <datafield tag="650" ind1=" " ind2=" ">
    <subfield code="a">Museo de ciencias</subfield>
    <subfield code="9">27896</subfield>
  </datafield>
  <datafield tag="650" ind1=" " ind2="7">
    <subfield code="a">Museos universitarios</subfield>
    <subfield code="2">lemb</subfield>
    <subfield code="9">178287</subfield>
  </datafield>
  <datafield tag="650" ind1=" " ind2=" ">
    <subfield code="a">Museos y educaci&#xF3;n</subfield>
    <subfield code="9">170631</subfield>
  </datafield>
  <datafield tag="650" ind1=" " ind2=" ">
    <subfield code="a">Licenciatura en educaci&#xF3;n</subfield>
    <subfield code="9">181088</subfield>
  </datafield>
  <datafield tag="700" ind1="1" ind2="0">
    <subfield code="a">Guti&#xE9;rrez Montoya, Erika Milena</subfield>
    <subfield code="4">aut</subfield>
    <subfield code="e">aut</subfield>
    <subfield code="9">615693</subfield>
  </datafield>
  <datafield tag="700" ind1="1" ind2="0">
    <subfield code="a">Velez Restrepo, Milvia Henid</subfield>
    <subfield code="4">aut</subfield>
    <subfield code="e">aut</subfield>
    <subfield code="9">613143</subfield>
  </datafield>
  <datafield tag="700" ind1="1" ind2="0">
    <subfield code="a">Florez Jimenez, Victor Nicolas</subfield>
    <subfield code="4">ths</subfield>
    <subfield code="e">ths</subfield>
    <subfield code="9">431364</subfield>
  </datafield>
  <datafield tag="700" ind1="1" ind2="0">
    <subfield code="a">Moreno Aldana, Jairo Elias</subfield>
    <subfield code="4">ths</subfield>
    <subfield code="e">ths</subfield>
    <subfield code="9">542762</subfield>
  </datafield>
  <datafield tag="856" ind1="4" ind2=" ">
    <subfield code="u">https://bibliotecadigital.udea.edu.co/handle/10495/21825</subfield>
  </datafield>
  <datafield tag="942" ind1=" " ind2=" ">
    <subfield code="c">TESIS</subfield>
  </datafield>
  <datafield tag="999" ind1=" " ind2=" ">
    <subfield code="c">578372</subfield>
    <subfield code="d">578372</subfield>
  </datafield>
  <datafield tag="500" ind1=" " ind2=" ">
    <subfield code="a">Tesis (Licenciatura en Educacion Basica con &#xC9;nfasis en Ciencias Naturales y Educaci&#xF3;n Ambiental). Universidad de Antioquia. Facultad de Educaci&#xF3;n - T&#xED;tulo del grado otorgado</subfield>
  </datafield>
  <datafield tag="952" ind1=" " ind2=" ">
    <subfield code="0">0</subfield>
    <subfield code="1">0</subfield>
    <subfield code="4">0</subfield>
    <subfield code="7">0</subfield>
    <subfield code="8">DIGITAL</subfield>
    <subfield code="a">CEDED</subfield>
    <subfield code="b">CEDED</subfield>
    <subfield code="d">2011-02-25</subfield>
    <subfield code="i">C1109987</subfield>
    <subfield code="l">0</subfield>
    <subfield code="o">JE/0691</subfield>
    <subfield code="p">0598193</subfield>
    <subfield code="r">2023-05-01 00:00:00</subfield>
    <subfield code="t">1</subfield>
    <subfield code="w">2023-05-01</subfield>
    <subfield code="y">DIGITAL</subfield>
  </datafield>
  <datafield tag="952" ind1=" " ind2=" ">
    <subfield code="0">0</subfield>
    <subfield code="1">0</subfield>
    <subfield code="4">0</subfield>
    <subfield code="7">0</subfield>
    <subfield code="8">AUDIOVISUA</subfield>
    <subfield code="a">ANDES</subfield>
    <subfield code="b">ANDES</subfield>
    <subfield code="d">2012-08-17</subfield>
    <subfield code="i">C1152042</subfield>
    <subfield code="l">0</subfield>
    <subfield code="o">371.33 G984 CD-ROM</subfield>
    <subfield code="p">85080</subfield>
    <subfield code="r">2023-05-01 00:00:00</subfield>
    <subfield code="t">2</subfield>
    <subfield code="w">2023-05-01</subfield>
    <subfield code="y">DIGITAL</subfield>
  </datafield>
</record>
